| 000 | 00356nam a22001457a 4500 | ||
|---|---|---|---|
| 003 | OSt | ||
| 005 | 20231211155339.0 | ||
| 008 | 231211b |||||||| |||| 00| 0 eng d | ||
| 020 | _a9781032600130 | ||
| 040 | _c | ||
| 082 | _a658.4/ELA | ||
| 245 |
_aIndustry 5.0 _bThe future of industrial economy _cElangovan,Uthayan |
||
| 260 | _bCRC | ||
| 942 |
_2ddc _cBK _n0 |
||
| 999 |
_c36010 _d36010 |
||